00683nam a2200229 a 4500001001300000003000900013005001700022008004100039020002300080082001400103245004200117260005000159300000800209500003500217505001000252650001300262710003300275902000800308942000700316952011500323999001500438nice12345678IN_TiNIC20260116012819.0050524s1982 sina grp 000 0 eng  a9971948 c10000a266bCCA2 aJesus Christb the Life of the World. aSingaporebChristian Conference of Asiac1982 a32p aincludes index and biblioraphy2 aIndex aMissions2 aChristian Conference of Asia bSRS cBK 001040708StackRoom-aHMIbHMId2007-07-11g100.00l0o266 CCA2p012660r2007-07-11v100.00w2005-05-24yBK c8484d8484